| 000 | 00845nam a2200241Ia 4500 | ||
|---|---|---|---|
| 003 | 0 | ||
| 005 | 20250129095854.0 | ||
| 008 | 190208s9999 xx 000 0 und d | ||
| 050 |
_aPGS LB 1050.9 _b.A1478 2016 |
||
| 100 | _aAlzona, Mikhail Astin M. | ||
| 245 |
_aReading habits and comprehensive and intensive booster for efficient reading / _cMikhail Astin M. Alzona. |
||
| 260 |
_aLas Pinas City, Philippines : _bSouthville International School and Colleges, _c2016. |
||
| 300 |
_a22 p. : _bill. ; _c28 cm. |
||
| 504 | _aIncludes bibliographical references. | ||
| 650 | _aReading habits. | ||
| 650 | _aReading comprehension. | ||
| 650 |
_aReading _vStudy and teaching. |
||
| 650 |
_aReading _vInstruction and study. |
||
| 650 | _aEfficient reading. | ||
| 650 | _aIntensive reading. | ||
| 650 | _aReading skills. | ||
| 942 |
_2lcc _cPASS |
||
| 999 |
_c361282 _d361282 |
||